[Event "2.BL Mitte/St.Veit-Austria Graz"]
[Site "?"]
[Date "2004.02.29"]
[Round "9.1"]
[White "Rogic, Davor"]
[Black "Ebner, Hubert"]
[Result "1-0"]
[WhiteElo "2461"]
[BlackElo "2256"]
[PlyCount "92"]
[EventDate "2004.02.28"]

1. e4 c5 2. Nf3 Nc6 3. d4 cxd4 4. Nxd4 g6 5. Nc3 Bg7 6. Nde2 Nf6 7. h3 b5 8. a3
Rb8 9. g4 a5 10. Bg2 O-O 11. O-O d6 12. Be3 b4 13. axb4 axb4 14. Nd5 Nd7 15.
Ra2 Bb7 16. Qd2 Re8 17. b3 Nc5 18. Rd1 Ba8 19. Ng3 e6 20. Nf4 Qe7 21. Nfe2 Red8
22. Bg5 f6 23. Be3 e5 24. Rxa8 Rxa8 25. Qd5+ Ne6 26. Qxc6 Rac8 27. Qb5 Rxc2 28.
Qxb4 Bf8 29. Nc3 Kg7 30. Nd5 Qe8 31. Ra1 Rd7 32. Qb5 Nd4 33. Bxd4 exd4 34. Ra7
Rxa7 35. Qxe8 d3 36. Qe6 d2 37. Qxf6+ Kg8 38. Qe6+ Rf7 39. Ne3 Bh6 40. Nd1 Rc1
41. Bf3 Kg7 42. Kg2 Bf4 43. Nf1 Ra7 44. g5 Bxg5 45. Qd5 Bf6 46. Qxd2 Raa1 1-0

[Event "2.BL Mitte/St.Veit-Austria Graz"]
[Site "?"]
[Date "2004.02.29"]
[Round "9.2"]
[White "Stoll, Thomas"]
[Black "Mazi, Leon"]
[Result "0-1"]
[WhiteElo "2231"]
[BlackElo "2402"]
[Annotator "Schein,K"]
[PlyCount "60"]
[EventDate "2004.02.28"]

1. d4 Nf6 2. c4 d6 3. Nc3 e5 4. Nf3 Nbd7 5. Bg5 Be7 6. Qc2 c6 7. O-O-O Qa5 8.
e3 O-O 9. Bd3 Re8 10. h4 h6 11. Kb1 Nf8 12. dxe5 dxe5 13. Bxf6 Bxf6 14. Ne4 Be7
15. Ng3 Bd8 16. Bf5 Be6 17. Bxe6 Rxe6 18. Nf5 Bc7 19. Qe4 Rae8 20. h5 Rf6 21.
Rh3 Qb4 22. g4 Ne6 23. a3 Qb3 24. Qc2 Qxc2+ 25. Kxc2 e4 26. N3d4 Nc5 27. b4 Nd3
28. Rd2 Ne5 29. Kc3 Nxg4 30. Rh4 Ne5 {...} 0-1

[Event "2.BL Mitte/St.Veit-Austria Graz"]
[Site "?"]
[Date "2004.02.29"]
[Round "9.3"]
[White "Ceschia, Ivano"]
[Black "Löbler, Heimo"]
[Result "1-0"]
[WhiteElo "2376"]
[BlackElo "2216"]
[PlyCount "103"]
[EventDate "2004.02.28"]

1. e4 c5 2. Nf3 Nc6 3. d4 cxd4 4. Nxd4 e5 5. Nb5 d6 6. c4 Be7 7. N1c3 a6 8. Na3
Be6 9. Be3 Bg5 10. Qd2 Bxe3 11. fxe3 Nf6 12. Bd3 Ng4 13. O-O-O Qg5 14. Nd5 Bxd5
15. cxd5 Ne7 16. Nc4 Nc8 17. h3 b5 18. Na5 Nf6 19. Qe2 O-O 20. g4 Ra7 21. Kb1
Rc7 22. Rhg1 Nb6 23. Nc6 Nc4 24. b3 Nxe3 25. Rc1 Qf4 26. Rge1 Nexg4 27. hxg4
Nxg4 28. Rf1 Qg5 29. Rf5 Qh4 30. Qf3 Nh6 31. Rh5 Qg4 32. Qh1 Qg3 33. Rh3 Qf2
34. Rc2 Qf6 35. Rf3 Qg5 36. Rg2 Ng4 37. Qh3 f5 38. Rxf5 Rxf5 39. exf5 h5 40.
Qf3 Rf7 41. Qe4 g6 42. Qb4 gxf5 43. Qxd6 e4 44. Bc2 h4 45. Ne5 h3 46. Rxg4 fxg4
47. Qe6 Qf5 48. Nxf7 Qxe6 49. dxe6 g3 50. Ng5 g2 51. Nxh3 e3 52. Kc1 1-0

[Event "2.BL Mitte/St.Veit-Austria Graz"]
[Site "?"]
[Date "2004.02.29"]
[Round "9.4"]
[White "Riedner, Martin"]
[Black "Hebesberger, Thomas"]
[Result "1-0"]
[WhiteElo "2169"]
[BlackElo "2322"]
[PlyCount "103"]
[EventDate "2004.02.28"]

1. d4 d6 2. e4 Nf6 3. Nc3 e5 4. Nf3 Nbd7 5. Bc4 Be7 6. O-O O-O 7. a4 c6 8. Bb3
exd4 9. Qxd4 Qb6 10. Re1 Nc5 11. Bc4 Be6 12. Bxe6 Nxe6 13. Qxb6 axb6 14. Be3
Nc5 15. Bf4 Nh5 16. Be3 Nf6 17. Bf4 Rfd8 18. b3 Nfd7 19. Re3 Bf6 20. Rae1 Ne5
21. h3 Ne6 22. Ne2 Kf8 23. Rd1 Nxf4 24. Nxf4 Ra5 25. c4 Nxf3+ 26. Rxf3 Re5 27.
Re3 Rde8 28. Rde1 g6 29. R3e2 R5e7 30. g3 Bc3 31. Rc1 Bf6 32. Rce1 h5 33. Kg2
Be5 34. Nd3 Bc3 35. Rc1 Bd4 36. Rce1 f5 37. Nf4 Rxe4 38. Rxe4 Rxe4 39. Rxe4
fxe4 40. Ne6+ Ke7 41. Nxd4 d5 42. cxd5 cxd5 43. f3 Kd6 44. Kf2 Kc5 45. Ke3 exf3
46. Nxf3 Kb4 47. Nd4 Kc3 48. h4 Kb2 49. Kd3 Kc1 50. Ke2 Kb2 51. Kd2 Kb1 52. Ke3
1-0

[Event "2.BL Mitte/St.Veit-Austria Graz"]
[Site "?"]
[Date "2004.02.29"]
[Round "9.5"]
[White "Smole, Albert"]
[Black "Pfaffel, Thomas"]
[Result "1-0"]
[WhiteElo "2173"]
[BlackElo "2126"]
[PlyCount "135"]
[EventDate "2004.02.28"]

1. e4 c5 2. Nf3 d6 3. c3 Nf6 4. d3 a6 5. g3 b6 6. Bg2 Bb7 7. O-O Nbd7 8. Nh4 g6
9. f4 Qc7 10. Nd2 e5 11. Nc4 Bg7 12. Ne3 O-O 13. Nf3 d5 14. fxe5 Nxe5 15. Nxe5
Qxe5 16. d4 cxd4 17. cxd4 Qe6 18. e5 Ne4 19. Ng4 f5 20. Nf2 Rac8 21. Nd3 g5 22.
Be3 h6 23. Qb3 Rc4 24. Rac1 Kh7 25. Bh3 Kg6 26. Qd1 Qc6 27. Qe2 a5 28. b3 Rc3
29. Rxc3 Nxc3 30. Qc2 Ne4 31. Rc1 Qxc2 32. Rxc2 Rc8 33. Rxc8 Bxc8 34. Nb2 Nc3
35. Bf1 Nxa2 36. Na4 Nb4 37. Nxb6 Be6 38. Bb5 f4 39. gxf4 gxf4 40. Bxf4 Kf5 41.
Bd2 Ke4 42. Bc3 Nc2 43. Na4 Nxd4 44. Nc5+ Kxe5 45. Bxd4+ Kd6 46. Nxe6 Bxd4+ 47.
Nxd4 Kc5 48. Kf2 Kxd4 49. Bc6 Kc5 50. Bb7 d4 51. Ke2 Kb4 52. Bd5 Kc3 53. Kd1
Kd3 54. Bf7 Kc3 55. h3 Kd3 56. h4 Kc3 57. h5 Kd3 58. Be6 Kc3 59. Kc1 Kd3 60.
Kb2 Kd2 61. Ka3 Kc3 62. Ka4 d3 63. Bg4 Kb2 64. Kxa5 Kxb3 65. Kb5 Kc3 66. Kc5 d2
67. Bd1 Kd3 68. Kd5 1-0

[Event "2.BL Mitte/St.Veit-Austria Graz"]
[Site "?"]
[Date "2004.02.29"]
[Round "9.6"]
[White "Neubauer, Antpn"]
[Black "Eichhorn, Alfred"]
[Result "1/2-1/2"]
[WhiteElo "2051"]
[BlackElo "2102"]
[Annotator "Schein,K"]
[PlyCount "101"]
[EventDate "2004.02.28"]

1. e4 c5 2. Nf3 d6 3. Bc4 e6 4. Bb3 b5 5. c3 a5 6. O-O Be7 7. d4 c4 8. Bc2 Ba6
9. Re1 Nd7 10. Nbd2 Nb6 11. Nf1 Nf6 12. Ng3 g6 13. e5 dxe5 14. Nxe5 Bb7 15. Bh6
Nfd7 16. Qe2 Bd5 17. Be4 Nxe5 18. Bxd5 Qxd5 19. dxe5 O-O-O 20. Rad1 Qc6 21. Bg7
Rhg8 22. Bf6 Bxf6 23. exf6 Rd5 24. Rxd5 Nxd5 25. Ne4 Nf4 26. Qe3 Nd3 27. Rb1
Rd8 28. h3 Rd5 29. Qa7 Rd7 30. Qe3 Rd5 31. b3 Re5 32. f3 Nc5 33. bxc4 Nxe4 34.
fxe4 Qxc4 35. Qh6 Qc5+ 36. Kh1 Rh5 37. Qd2 Re5 38. Rd1 Qc7 39. Qh6 Rxe4 40.
Qxh7 Re5 41. Qg8+ Kb7 42. Qe8 Rd5 43. Rxd5 exd5 44. Qxb5+ Kc8 45. Qe8+ Kb7 46.
Qe7 Kc6 47. Qe3 Kb5 48. g4 Qc6 49. Kg1 Qxf6 50. Qe8+ Kc4 51. Qa4+ {...} 1/2-1/2

[Event "2.BL Mitte/VOEST Linz-Trofaiach"]
[Site "?"]
[Date "2004.02.29"]
[Round "9.1"]
[White "Glek, Igor"]
[Black "Zaja, Ivan"]
[Result "1/2-1/2"]
[WhiteElo "2566"]
[BlackElo "2430"]
[PlyCount "101"]
[EventDate "2004.02.28"]

1. e4 e5 2. Nf3 Nc6 3. Nc3 Nf6 4. g3 Bc5 5. Bg2 d6 6. d3 a6 7. O-O Be6 8. Be3
Bxe3 9. fxe3 Ne7 10. Nh4 c6 11. Nf5 Bxf5 12. exf5 Qb6 13. Qd2 a5 14. b3 Qb4 15.
a3 Qb6 16. Na4 Qa7 17. c4 Rd8 18. b4 axb4 19. axb4 O-O 20. h3 h6 21. g4 Ra8 22.
d4 Rfd8 23. Qb2 Qb8 24. b5 exd4 25. exd4 d5 26. Rfe1 Re8 27. bxc6 bxc6 28. Qxb8
Raxb8 29. cxd5 Nexd5 30. Rxe8+ Rxe8 31. Rc1 Rd8 32. Rxc6 Nf4 33. Rc4 Rxd4 34.
Rxd4 Ne2+ 35. Kf2 Nxd4 36. Ke3 Nb5 37. Nc5 Kf8 38. Nd3 Ke7 39. Ne5 Nd6 40. Kf4
Nd7 41. Nc6+ Kf6 42. h4 g5+ 43. fxg6 fxg6 44. g5+ Kg7 45. Bd5 Nf8 46. Nd4 Nf5
47. Nxf5+ gxf5 48. Kxf5 hxg5 49. Kxg5 Nh7+ 50. Kf5 Nf8 51. h5 1/2-1/2

[Event "2.BL Mitte/VOEST Linz-Trofaiach"]
[Site "?"]
[Date "2004.02.29"]
[Round "9.2"]
[White "Bukal, Vladimir jun"]
[Black "Timoscenko, Gennadij"]
[Result "1/2-1/2"]
[WhiteElo "2530"]
[BlackElo "2381"]
[PlyCount "21"]
[EventDate "2004.02.28"]

1. d4 d5 2. c4 c6 3. Nf3 Nf6 4. cxd5 cxd5 5. Nc3 Nc6 6. Bf4 a6 7. e3 Bg4 8. h3
Bxf3 9. Qxf3 e6 10. Bd3 h6 11. O-O 1/2-1/2

[Event "2.BL Mitte/VOEST Linz-Trofaiach"]
[Site "?"]
[Date "2004.02.29"]
[Round "9.3"]
[White "Seifert, Volker"]
[Black "Stuhlik, Marko"]
[Result "1/2-1/2"]
[WhiteElo "2371"]
[BlackElo "2286"]
[PlyCount "76"]
[EventDate "2004.02.28"]

1. d4 Nf6 2. c4 g6 3. Nc3 Bg7 4. e4 d6 5. f3 O-O 6. Be3 e5 7. d5 Nh5 8. Qd2 f5
9. O-O-O f4 10. Bf2 Bf6 11. Nge2 Bh4 12. Bg1 b6 13. Kb1 a5 14. Nc1 Rf7 15. a3
a4 16. Qc2 Bd7 17. N1a2 g5 18. Nb5 Bxb5 19. cxb5 Nd7 20. Nc3 Nc5 21. Bc4 Rg7
22. Be2 Nf6 23. Bxc5 bxc5 24. Rhf1 Kh8 25. Nxa4 g4 26. Nc3 gxf3 27. Bxf3 Ng4
28. Bxg4 Rxg4 29. Rd2 Qg5 30. a4 Qh6 31. Re2 Be7 32. h3 Rg3 33. Ref2 Qg6 34. b3
Bh4 35. Re2 Qh5 36. Kb2 Qe8 37. Nb1 Qh5 38. Rd2 Re3 1/2-1/2

[Event "2.BL Mitte/VOEST Linz-Trofaiach"]
[Site "?"]
[Date "2004.02.29"]
[Round "9.4"]
[White "Aschenbrenner, Robert"]
[Black "Baumgartner, Heinz"]
[Result "1/2-1/2"]
[WhiteElo "2347"]
[BlackElo "2229"]
[PlyCount "51"]
[EventDate "2004.02.28"]

1. d4 d5 2. c4 e6 3. Nc3 Nf6 4. cxd5 exd5 5. Bg5 Nbd7 6. e3 c6 7. Bd3 Be7 8.
Qc2 O-O 9. Nge2 Re8 10. O-O Nf8 11. f3 Be6 12. Rad1 Rc8 13. Kh1 a6 14. e4 dxe4
15. fxe4 Ng4 16. Bc1 Bg5 17. h3 Be3 18. Ng1 Bxg1 19. Rxg1 Qh4 20. Rgf1 Red8 21.
Kg1 Nf6 22. Rf4 Qh5 23. e5 Nd5 24. Be2 Qg6 25. Bd3 Qh5 26. Be2 1/2-1/2

[Event "2.BL Mitte/VOEST Linz-Trofaiach"]
[Site "?"]
[Date "2004.02.??"]
[Round "9.5"]
[White "Rolletschek, Heinrich"]
[Black "Mitter, Gerd"]
[Result "1-0"]
[WhiteElo "2309"]
[BlackElo "2188"]
[PlyCount "53"]
[EventDate "2004.02.28"]

1. e4 Nf6 2. e5 Nd5 3. d4 d6 4. Nf3 Bg4 5. Be2 e6 6. O-O Be7 7. b3 O-O 8. c4
Nb6 9. Bb2 d5 10. c5 Nc8 11. Nbd2 b6 12. b4 c6 13. Qc2 a5 14. cxb6 Qxb6 15.
bxa5 Rxa5 16. Bd3 h6 17. Nb3 Ra8 18. Nfd2 Na6 19. a3 f5 20. Rfc1 Na7 21. Bc3
Nb5 22. Ba5 Qa7 23. Qxc6 Nxa3 24. Qxe6+ Kh8 25. Bxa6 Nc4 26. Nxc4 dxc4 27. Bxc4
1-0

[Event "Staatsliga B"]
[Site "St. Valentin"]
[Date "2004.03.13"]
[Round "10.1"]
[White "Pavasovic, Dusko"]
[Black "Konopka, Michal"]
[Result "1-0"]
[WhiteElo "2596"]
[BlackElo "2428"]
[PlyCount "59"]
[EventDate "2003.11.08"]

1. e4 Nf6 2. e5 Nd5 3. d4 d6 4. c4 Nb6 5. exd6 exd6 6. Nc3 Be7 7. h3 O-O 8. Nf3
c6 9. Bd3 d5 10. c5 N6d7 11. Bf4 b6 12. b4 a5 13. a3 Ba6 14. O-O Bxd3 15. Qxd3
b5 16. Rfe1 Re8 17. bxa5 Rxa5 18. a4 bxa4 19. Rxa4 Rxa4 20. Nxa4 Bf6 21. Rxe8+
Qxe8 22. Qb3 Qc8 23. Nb6 Qe8 24. Qa4 g5 25. Bxb8 Nxb8 26. Nxd5 Bg7 27. Ne3 Qd8
28. Qa7 h6 29. Qb7 Qe8 30. Nf5 1-0

[Event "Staatsliga B"]
[Site "St. Valentin"]
[Date "2004.03.13"]
[Round "10.1"]
[White "Tratar, Marko"]
[Black "Heimberger, Reinhard"]
[Result "1-0"]
[WhiteElo "2455"]
[BlackElo "2301"]
[PlyCount "133"]
[EventDate "2003.11.08"]

1. Nf3 d5 2. d4 c6 3. c4 Nf6 4. Nc3 e6 5. e3 a6 6. c5 Nbd7 7. b4 g6 8. Bd3 Bg7
9. O-O O-O 10. Bb2 e5 11. dxe5 Ng4 12. e4 dxe4 13. Nxe4 Ndxe5 14. Nxe5 Nxe5 15.
Nd6 Qh4 16. Rb1 Rd8 17. Qe2 Nxd3 18. Qxd3 Bf5 19. Nxf5 gxf5 20. Qxf5 Rd5 21.
Qf3 Re8 22. Bxg7 Kxg7 23. a3 Qf6 24. Qg4+ Rg5 25. Qh3 Ree5 26. Rb3 Qe7 27. Rg3
Rg6 28. Qf5 a5 29. Rb3 axb4 30. axb4 Re1 31. Qc2 Rge6 32. Qc3+ f6 33. Rb1 R1e4
34. g3 R6e5 35. Kg2 Qe6 36. Rfd1 Rh5 37. h4 Rc4 38. Qf3 Re5 39. Rd6 Qf7 40.
Rbd1 Re7 41. R1d4 Rxd4 42. Rxd4 Qe6 43. Qg4+ Qxg4 44. Rxg4+ Kf7 45. Rd4 Kg6 46.
Kf3 h5 47. Re4 Rd7 48. Ke2 Kf5 49. f3 Rg7 50. Kf2 Rd7 51. Ke3 Rg7 52. g4+ hxg4
53. Rf4+ Ke5 54. fxg4 Ke6 55. Kf3 Rd7 56. g5 f5 57. h5 Rg7 58. g6 Kf6 59. Rh4
Rd7 60. Rh1 Rd3+ 61. Ke2 Rd8 62. Rd1 Re8+ 63. Kf3 Re7 64. Rg1 Kg7 65. Kf4 Re4+
66. Kg5 Rxb4 67. h6+ 1-0

[Event "Staatsliga B"]
[Site "St. Valentin"]
[Date "2004.03.13"]
[Round "10.1"]
[White "Sandhoefner, Florian"]
[Black "Ragger, Markus"]
[Result "0-1"]
[WhiteElo "2247"]
[BlackElo "2347"]
[PlyCount "56"]
[EventDate "2003.11.08"]

1. e4 c5 2. Nf3 d6 3. d4 cxd4 4. Qxd4 Nc6 5. Bb5 Qd7 6. Qd3 a6 7. Bxc6 Qxc6 8.
c4 b5 9. Na3 Nf6 10. cxb5 Qxe4+ 11. Qxe4 Nxe4 12. O-O e6 13. Nd4 d5 14. Nac2 e5
15. Nc6 Bd6 16. N6b4 axb5 17. Nxd5 Be6 18. Nce3 f5 19. f4 O-O 20. fxe5 Bxe5 21.
Nxf5 Kh8 22. Nfe3 Rxf1+ 23. Kxf1 Rf8+ 24. Ke1 Bxh2 25. a4 Bg3+ 26. Ke2 Rf2+ 27.
Kd1 Bf7 28. axb5 Bh5+ 0-1

[Event "Staatsliga B"]
[Site "St. Valentin"]
[Date "2004.03.13"]
[Round "10.1"]
[White "Stadler, Peter"]
[Black "Kaspret, Guido"]
[Result "1-0"]
[WhiteElo "2180"]
[BlackElo "2287"]
[PlyCount "61"]
[EventDate "2003.11.08"]

1. d4 g6 2. Nf3 Bg7 3. g3 Nf6 4. Bg2 O-O 5. O-O b5 6. c3 Bb7 7. Nbd2 Qc8 8. Qb3
a6 9. a4 Bd5 10. Qc2 c5 11. e4 Bb7 12. dxc5 Qxc5 13. e5 Ng4 14. Nb3 Qc7 15. Bf4
Bc6 16. Qe2 Bd5 17. Nbd2 bxa4 18. h3 Nh6 19. Rxa4 Bc6 20. Ra3 Kh8 21. Rfa1 Ng8
22. Qe3 Qa7 23. Qe2 f6 24. Ne4 fxe5 25. Nxe5 Bxe5 26. Bxe5+ Nf6 27. Nxf6 exf6
28. Bxb8 Qxb8 29. Bxc6 dxc6 30. Rxa6 Re8 31. Qf3 1-0

[Event "Staatsliga B"]
[Site "St. Valentin"]
[Date "2004.03.13"]
[Round "10.2"]
[White "Uhlmann, Wolfgang"]
[Black "Mazi, Leon"]
[Result "1/2-1/2"]
[WhiteElo "2451"]
[BlackElo "2402"]
[PlyCount "124"]
[EventDate "2003.11.08"]

1. c4 Nf6 2. Nc3 c5 3. Nf3 e6 4. g3 b6 5. Bg2 Bb7 6. d4 cxd4 7. Qxd4 Be7 8. O-O
d6 9. e4 O-O 10. b3 Nbd7 11. Qe3 Re8 12. Bb2 a6 13. Nd4 Bf8 14. Rfe1 d5 15.
exd5 exd5 16. Qd2 Rxe1+ 17. Rxe1 Nc5 18. cxd5 Nxd5 19. Nf5 Nb4 20. Qxd8 Rxd8
21. Bxb7 Nxb7 22. Re2 Nc5 23. Ba3 Ne6 24. Re4 a5 25. Rc4 g6 26. Ne3 Nd4 27.
Bxb4 Bxb4 28. Ncd5 Bc5 29. Kg2 Kf8 30. Nf6 Kg7 31. Ne4 Bb4 32. Nc2 Nxc2 33.
Rxc2 Re8 34. Kf3 f5 35. Rc7+ Re7 36. Rxe7+ Bxe7 37. Nc3 Bf6 38. Ne2 Kf7 39. Ke3
Ke6 40. Kd3 Kd5 41. Nf4+ Kc5 42. Ne6+ Kb4 43. Kc2 Ka3 44. Kb1 g5 45. f4 g4 46.
Nc7 a4 47. bxa4 Kxa4 48. Nd5 Bd4 49. Ne7 Bg1 50. Nxf5 Bxh2 51. Nh6 Bxg3 52. f5
Bf4 53. Nxg4 h5 54. Nf2 Be5 55. Kc2 Bd4 56. Nh3 Ka3 57. Kd3 Bf6 58. Nf4 h4 59.
Ke4 Kxa2 60. Nd5 Bd8 61. Nxb6 Bxb6 62. Kf3 Bd8 1/2-1/2

[Event "Staatsliga B"]
[Site "St. Valentin"]
[Date "2004.03.13"]
[Round "10.2"]
[White "Ceschia, Ivano"]
[Black "Baumgartner, Heinz"]
[Result "0-1"]
[WhiteElo "2376"]
[BlackElo "2347"]
[PlyCount "96"]
[EventDate "2003.11.08"]

1. e4 e5 2. Nf3 Nc6 3. Bb5 f5 4. Nc3 fxe4 5. Nxe4 Nf6 6. Qe2 d5 7. Ng3 e4 8.
Ne5 Qd6 9. d4 Be7 10. Bf4 Qe6 11. Qd2 O-O 12. Nxc6 bxc6 13. Be2 c5 14. O-O cxd4
15. Qxd4 c5 16. Qe5 Qxe5 17. Bxe5 Be6 18. b3 Nd7 19. Bc7 Rac8 20. Ba5 Nf6 21.
Ba6 Rce8 22. c4 dxc4 23. Bxc4 Bxc4 24. bxc4 Bd6 25. Bc3 Ng4 26. Rae1 e3 27. f3
Nxh2 28. Kxh2 Re6 29. f4 Bxf4 30. Rf3 g5 31. Kg1 g4 32. Rxf4 Rxf4 33. Ne2 Rxc4
34. Kh2 Ra6 35. Be5 Rc2 36. Nf4 Ra3 37. Kg3 e2+ 38. Kxg4 Re3 39. Kf5 Rxa2 40.
g4 Rd2 41. Kf6 c4 42. Rb1 Rb3 43. Re1 Re3 44. Rb1 Rd8 45. Ne6 Re8 46. Re1 c3
47. Kg5 c2 48. Kf4 c1=Q 0-1

[Event "Staatsliga B"]
[Site "St. Valentin"]
[Date "2004.03.13"]
[Round "10.2"]
[White "Rolletschek, Heinrich"]
[Black "Hebesberger, Thomas"]
[Result "1/2-1/2"]
[WhiteElo "2309"]
[BlackElo "2322"]
[PlyCount "71"]
[EventDate "2003.11.08"]

1. e4 c5 2. Nf3 d6 3. d4 cxd4 4. Qxd4 a6 5. c4 Nc6 6. Qd2 g6 7. b3 Bg7 8. Bb2
Nf6 9. Nc3 O-O 10. h3 Qa5 11. Bd3 b5 12. Nd5 Qxd2+ 13. Nxd2 bxc4 14. Bxc4 Nxd5
15. Bxg7 Kxg7 16. Bxd5 Bb7 17. Rc1 Rfc8 18. Nc4 e6 19. Bxc6 Rxc6 20. Kd2 Rac8
21. f3 Kf6 22. Na5 Rxc1 23. Rxc1 Rxc1 24. Kxc1 Ba8 25. Kd2 d5 26. Ke3 dxe4 27.
fxe4 h5 28. g3 e5 29. b4 Ke6 30. a4 f5 31. exf5+ gxf5 32. b5 axb5 33. axb5 Bd5
34. h4 Kd6 35. b6 Kd7 36. Kd3 1/2-1/2

[Event "Staatsliga B"]
[Site "St. Valentin"]
[Date "2004.03.13"]
[Round "10.2"]
[White "Smole, Albert"]
[Black "Woeber, Friedrich"]
[Result "0-1"]
[WhiteElo "2173"]
[BlackElo "2197"]
[PlyCount "38"]
[EventDate "2003.11.08"]

1. Nf3 Nf6 2. c4 g6 3. Nc3 Bg7 4. d4 O-O 5. e3 d6 6. Be2 Nbd7 7. O-O e5 8. Qc2
Re8 9. dxe5 dxe5 10. Rd1 c6 11. b3 Qa5 12. Bb2 Nc5 13. a3 Bf5 14. e4 Ncxe4 15.
Bd3 Nxc3 16. Bxc3 Bxd3 17. Qxd3 Qc7 18. Qd6 Qxd6 19. Rxd6 Ne4 0-1

[Event "Staatsliga B"]
[Site "St. Valentin"]
[Date "2004.03.13"]
[Round "10.3"]
[White "Horvath, Peter"]
[Black "Stoll, Thomas"]
[Result "1-0"]
[WhiteElo "2463"]
[BlackElo "2231"]
[PlyCount "65"]
[EventDate "2003.11.08"]

1. d4 g6 2. c4 Bg7 3. Nf3 d6 4. e4 Nc6 5. d5 Ne5 6. Nxe5 Bxe5 7. Bd3 Bg7 8. O-O
Nf6 9. Nc3 O-O 10. Bf4 a6 11. Qd2 c5 12. h3 Qa5 13. Rfe1 Nd7 14. Bh6 Rb8 15.
Bxg7 Kxg7 16. a4 f6 17. f4 Rf7 18. Qc2 Qc7 19. Re3 Nf8 20. e5 fxe5 21. fxe5
dxe5 22. Rae1 e6 23. Rxe5 exd5 24. Nxd5 Qa5 25. b4 cxb4 26. Qb2 Qc5+ 27. Kh1
Kh6 28. Nf6 Qa7 29. Rh5+ gxh5 30. Ng8+ Kg5 31. Qe5+ Bf5 32. Qg3+ Bg4 33. h4#
1-0

[Event "Staatsliga B"]
[Site "St. Valentin"]
[Date "2004.03.13"]
[Round "10.3"]
[White "Kastner, Walter"]
[Black "Manca, Federico"]
[Result "0-1"]
[WhiteElo "2231"]
[BlackElo "2358"]
[PlyCount "32"]
[EventDate "2003.11.08"]

1. Nf3 d5 2. c4 e6 3. g3 Nf6 4. Bg2 Be7 5. O-O c5 6. cxd5 exd5 7. d4 Nc6 8. Nc3
O-O 9. Bg5 cxd4 10. Nxd4 h6 11. Be3 Re8 12. Rc1 Bg4 13. Qa4 Qd7 14. Nxd5 Nxd5
15. Bxd5 Qxd5 16. Nxc6 Bh3 0-1

[Event "Staatsliga B"]
[Site "St. Valentin"]
[Date "2004.03.13"]
[Round "10.3"]
[White "Benda, Herbert"]
[Black "Loebler, Heimo"]
[Result "1/2-1/2"]
[WhiteElo "2260"]
[BlackElo "2216"]
[PlyCount "64"]
[EventDate "2003.11.08"]

1. e4 c5 2. Nf3 Nc6 3. d4 cxd4 4. Nxd4 e5 5. Nb5 d6 6. c4 Be7 7. N1c3 a6 8. Na3
Be6 9. Bd3 Bg5 10. O-O Bxc1 11. Rxc1 Nge7 12. Nc2 O-O 13. Nd5 Ng6 14. Nce3 Qg5
15. Qf3 Nf4 16. Nxf4 exf4 17. Nd5 Bxd5 18. exd5 Ne5 19. Qh3 f5 20. Be2 Ng4 21.
Qb3 Rf6 22. c5 Rg6 23. Qf3 Ne5 24. Qh3 Rh6 25. Qb3 f3 26. Bxf3 Qf4 27. h3 Rxh3
28. gxh3 Nxf3+ 29. Kg2 Nh4+ 30. Kh1 Nf3 31. Kg2 Nh4+ 32. Kh1 Nf3 1/2-1/2

[Event "Staatsliga B"]
[Site "St. Valentin"]
[Date "2004.03.13"]
[Round "10.3"]
[White "Riedner, Martin"]
[Black "Sandner, Wolfgang"]
[Result "1/2-1/2"]
[WhiteElo "2169"]
[BlackElo "2245"]
[PlyCount "26"]
[EventDate "2003.11.08"]

1. d4 Nf6 2. c4 g6 3. Nc3 Bg7 4. Nf3 d6 5. Bg5 Nbd7 6. e3 O-O 7. Be2 c5 8. O-O
Re8 9. h3 b6 10. d5 Nf8 11. e4 h6 12. Be3 e5 13. Ne1 g5 1/2-1/2

[Event "Staatsliga B"]
[Site "St. Valentin"]
[Date "2004.03.13"]
[Round "10.3"]
[White "Kreisl, Robert"]
[Black "Pfaffel, Thomas"]
[Result "1-0"]
[WhiteElo "2154"]
[BlackElo "2126"]
[PlyCount "78"]
[EventDate "2003.11.08"]

1. d4 Nf6 2. c4 e6 3. Nc3 d5 4. cxd5 exd5 5. Bg5 Be7 6. Qc2 O-O 7. e3 Re8 8.
Bd3 Nbd7 9. Nge2 Nf8 10. O-O c6 11. f3 Ng6 12. e4 dxe4 13. fxe4 Ng4 14. Bxe7
Qxe7 15. Qd2 Be6 16. h3 Nh6 17. e5 Red8 18. Bxg6 hxg6 19. Rf4 Bc4 20. b3 Bxe2
21. Qxe2 Nf5 22. Rd1 Rd7 23. g4 Nh4 24. Qc4 Rad8 25. Ne4 Rd5 26. Nc3 g5 27. Rf2
R5d7 28. Ne4 Ng6 29. Rf5 Nf4 30. Nxg5 Rxd4 31. Rxd4 Rxd4 32. Qxf7+ Qxf7 33.
Nxf7 Nxh3+ 34. Kg2 Nf4+ 35. Kg3 Ne6 36. Nd6 b5 37. Nc8 Rd7 38. Nd6 a5 39. Rf2
Re7 1-0

[Event "Staatsliga B"]
[Site "St. Valentin"]
[Date "2004.03.13"]
[Round "10.3"]
[White "Boehm, Thomas"]
[Black "Dietmayer-Kraeutler, Marco"]
[Result "0-1"]
[WhiteElo "2053"]
[BlackElo "2137"]
[PlyCount "42"]
[EventDate "2003.11.08"]

1. c4 e5 2. Nc3 g6 3. g3 Bg7 4. Bg2 f5 5. d3 c6 6. Nf3 d6 7. O-O Nf6 8. Rb1 O-O
9. b4 Nh5 10. Qb3 f4 11. b5 c5 12. Nd5 Be6 13. Nd2 Bg4 14. Re1 Nd7 15. e4 Ndf6
16. Bb2 Bh6 17. Qc3 Kh8 18. Nxf6 Qxf6 19. f3 fxg3 20. hxg3 Be3+ 21. Kh2 Nxg3
0-1

[Event "Staatsliga B"]
[Site "St. Valentin"]
[Date "2004.03.13"]
[Round "10.4"]
[White "Butunoi, Alexandru"]
[Black "Gyorkos, Lajos"]
[Result "1-0"]
[WhiteElo "2412"]
[BlackElo "2428"]
[PlyCount "60"]
[EventDate "2003.11.08"]

1. e4 c5 2. Nf3 d6 3. d4 cxd4 4. Nxd4 Nf6 5. Nc3 a6 6. Be3 Nc6 7. f3 d5 8. Nxc6
bxc6 9. e5 Nd7 10. f4 e6 11. Na4 c5 12. c4 d4 13. Bd2 Bb7 14. Qg4 g5 15. Bd3 h5
16. Qe2 gxf4 17. O-O Bh6 18. Be4 Qc7 19. Bxb7 Qxb7 20. Bxf4 Bxf4 21. Rxf4 Rg8
22. Rf2 Qc6 23. b3 Rg5 24. Rf4 O-O-O 25. Nb2 Rdg8 26. Rf2 f5 27. exf6 Nxf6 28.
Raf1 Ng4 29. Qf3 Qxf3 30. Rxf3 Kd7 1-0

[Event "Staatsliga B"]
[Site "St. Valentin"]
[Date "2004.03.13"]
[Round "10.4"]
[White "Pilaj, Herwig"]
[Black "Supancic, Darko"]
[Result "1/2-1/2"]
[WhiteElo "2343"]
[BlackElo "2377"]
[PlyCount "26"]
[EventDate "2003.11.08"]

1. d4 d6 2. c4 e5 3. Nf3 e4 4. Nfd2 f5 5. Nc3 c6 6. e3 Nf6 7. f3 exf3 8. Nxf3
Be7 9. Bd3 O-O 10. Qc2 g6 11. e4 fxe4 12. Nxe4 Nxe4 13. Bxe4 Bh4+ 1/2-1/2

[Event "Staatsliga B"]
[Site "St. Valentin"]
[Date "2004.03.13"]
[Round "10.4"]
[White "Krebs, Johann"]
[Black "Petschar, Kurt"]
[Result "1/2-1/2"]
[WhiteElo "2304"]
[BlackElo "2272"]
[PlyCount "29"]
[EventDate "2003.11.08"]

1. d4 d5 2. c4 c6 3. Nf3 Nf6 4. Qc2 Bg4 5. Ne5 e6 6. Nxg4 Nxg4 7. e4 dxe4 8.
Qxe4 Nf6 9. Qd3 Bb4+ 10. Nc3 c5 11. Be3 cxd4 12. Qxd4 Qxd4 13. Bxd4 Nc6 14.
Bxf6 gxf6 15. Rc1 1/2-1/2

[Event "Staatsliga B"]
[Site "St. Valentin"]
[Date "2004.03.13"]
[Round "10.4"]
[White "Genser, Harald"]
[Black "Schnider, Gert"]
[Result "1/2-1/2"]
[WhiteElo "2288"]
[BlackElo "2213"]
[PlyCount "100"]
[EventDate "2003.11.08"]

1. d4 Nf6 2. c4 e6 3. Nc3 d5 4. Nf3 Be7 5. Bf4 O-O 6. e3 a6 7. c5 c6 8. h3 b6
9. b4 a5 10. a3 Ba6 11. Bxa6 Rxa6 12. O-O Nbd7 13. Qc2 b5 14. Qb2 a4 15. Qc2
Re8 16. Ne1 Nf8 17. f3 Ng6 18. Bh2 Ra7 19. Rd1 Rd7 20. Nd3 Nh5 21. g4 Nf6 22.
Ne5 Rc7 23. Nxg6 hxg6 24. Bxc7 Qxc7 25. Qh2 Qd7 26. e4 dxe4 27. fxe4 Bd8 28.
Qf2 Re7 29. Qf3 Bc7 30. e5 Nd5 31. Ne4 f5 32. exf6 Rf7 33. g5 e5 34. Nd6 Bxd6
35. cxd6 Qxd6 36. Qg3 gxf6 37. gxf6 Rxf6 38. dxe5 Rxf1+ 39. Rxf1 Qe6 40. Qg4
Qe8 41. Rf3 Kg7 42. Qe4 Qe6 43. Kh2 Ne7 44. h4 Qa2+ 45. Kh3 Qa1 46. Kg2 Qb2+
47. Kf1 Qc1+ 48. Qe1 Qc4+ 49. Qe2 Qxh4 50. Qf2 Qc4+ 1/2-1/2